Computer simulated experiments for electric devices using Electronics workbench multisim (Record no. 66883)

000 -LEADER
fixed length control field 00506nam a22001697a 4500
003 - CONTROL NUMBER IDENTIFIER
control field NUST - PNEC
005 - DATE AND TIME OF LATEST TRANSACTION
control field 20170116181006.0
008 - FIXED-LENGTH DATA ELEMENTS--GENERAL INFORMATION
fixed length control field 150906b xxu||||| |||| 00| 0 eng d
020 ## - INTERNATIONAL STANDARD BOOK NUMBER
International Standard Book Number 0133593697
040 ## - CATALOGING SOURCE
Transcribing agency LIBRARY
082 ## - DEWEY DECIMAL CLASSIFICATION NUMBER
Classification number 621.3192078 BER
100 ## - MAIN ENTRY--PERSONAL NAME
9 (RLIN) 8349
Personal name Berube,Richard H.
245 ## - TITLE STATEMENT
Title Computer simulated experiments for electric devices using Electronics workbench multisim
Statement of responsibility, etc. Richard H. Berube
260 ## - PUBLICATION, DISTRIBUTION, ETC.
Date of publication, distribution, etc. c.1996
650 ## - SUBJECT ADDED ENTRY--TOPICAL TERM
9 (RLIN) 8355
Topical term or geographic name entry element Electronics Workbench
General subdivision EL, EE
942 ## - ADDED ENTRY ELEMENTS (KOHA)
Source of classification or shelving scheme
Koha item type Book
Holdings
Withdrawn status Lost status Source of classification or shelving scheme Damaged status Not for loan Permanent Location Current Location Shelving location Date acquired Total Checkouts Full call number Barcode Date last seen Price effective from Koha item type
          Pakistan Navy Engineering College (PNEC) Pakistan Navy Engineering College (PNEC)       621.3192078 BER PNECLIB-025384 09/12/2015   Book
© 2023 Central Library, National University of Sciences and Technology. All Rights Reserved.